[Event "AUTO-INT-2802"]
[Site "http://www.queenalice.com/game.php?id=1253769"]
[Date "2014.2.4"]
[Round "1"]
[White "Ruusgugg"]
[Black "cass"]
[Result "0-1"]
[WhiteElo "1372"]
[BlackElo "1572"]

1. d4 d5 2. Nd2 Nc6 3. e3 e5 4. dxe5 Nxe5 5. f4 Ng4 6. Ngf3 Bf5 7. c3 Bc5 8. Nd4
Nxe3 9. Qe2 Bxd4 10. cxd4 Qe7 11. Qb5+ Kd8 12. Qxb7 Nc2+ 13. Kd1 Qe1# 0-1

[Event "Challenge"]
[Site "http://www.queenalice.com/game.php?id=1254238"]
[Date "2014.2.6"]
[Round "-"]
[White "nathmurr"]
[Black "cass"]
[Result "0-1"]
[WhiteElo "1457"]
[BlackElo "1595"]

1. e4 Nf6 2. d3 c5 3. Be3 b6 4. Qf3 Bb7 5. Nc3 g6 6. O-O-O d6 7. d4 Nc6 8. dxc5
Ne5 9. Qe2 Qc7 10. cxd6 exd6 11. Bd4 Bh6+ 12. Kb1 O-O 13. h4 Rfe8 14. Bxe5 Rxe5
15. g4 Nxe4 16. Qc4 Nxc3+ 17. Qxc3 Rc5 18. Qd3 Bxh1 19. Qxd6 Rxc2 20. Qxc7 Rxc7
21. g5 Bg7 22. f4 Be4+ 23. Bd3 Rd8 0-1

[Event "Challenge"]
[Site "http://www.queenalice.com/game.php?id=1254239"]
[Date "2014.2.6"]
[Round "-"]
[White "cass"]
[Black "nathmurr"]
[Result "1-0"]
[WhiteElo "1666"]
[BlackElo "1459"]

1. e4 c5 2. Bc4 Nc6 3. Nf3 Nf6 4. d3 d6 5. Ng5 e6 6. O-O h5 7. Re1 Ng4 8. Qf3
Nce5 9. Qf4 f6 10. Nxe6 g5 11. Bb5+ Bd7 12. Bxd7+ Qxd7 13. Qf5 Rg8 14. Nc3 Nh6
15. Qxf6 Bg7 16. Nxg7+ Qxg7 17. Qe6+ Kf8 18. Qxd6+ Ke8 19. Nd5 Kf7 20. Qxc5 b6
21. Qe7+ Kg6 22. Qe6+ Kh7 23. Nf6+ Kh8 24. Nxg8 Rxg8 25. f4 gxf4 26. Re2 f3 27.
Rf2 Nhg4 28. b4 Nxf2 29. Kxf2 fxg2 30. Qh6+ Qh7 31. Qxh7+ Kxh7 32. Bb2 h4 33.
Bxe5 h3 34. c4 Rf8+ 35. Kg1 Rf3 36. d4 Kg6 37. d5 Rf7 38. Bd6 Rf3 39. e5 Re3 40.
e6 1-0

[Event "Challenge"]
[Site "http://www.queenalice.com/game.php?id=1255002"]
[Date "2014.2.9"]
[Round "-"]
[White "cass"]
[Black "Wilson"]
[Result "1-0"]
[WhiteElo "1704"]
[BlackElo "1489"]

1. e4 e5 2. Nf3 d6 3. Bc4 Nf6 4. Ng5 d5 5. exd5 Bd6 6. d4 e4 7. O-O O-O 8. Re1
h6 9. Nxe4 Nbd7 10. Nxd6 cxd6 11. Bf4 Nb6 12. Bd3 Nbxd5 13. Bd2 Bg4 14. f3 Bh5
15. c4 Nb6 16. Nc3 a6 17. d5 Nc8 18. a4 b6 19. b4 a5 20. b5 Ne7 21. Re2 Ng6 22.
Ne4 Rc8 23. Bc3 Nf4 24. Rf2 Bg6 25. Nxf6+ gxf6 26. Bxg6 fxg6 27. Qd2 g5 28. Qd4
Ng6 29. Qe4 Kg7 30. h4 Nxh4 31. f4 Re8 32. Qd3 Rf8 33. fxg5 hxg5 34. g3 Ng6 35.
Rh2 Rh8 36. Rf1 Rf8 37. Rh5 Rc7 38. Rxg5 Kf7 39. Qxg6+ Ke7 40. Bxf6+ Rxf6 41.
Qxf6+ Kd7 42. Qe6# 1-0

[Event "Challenge"]
[Site "http://www.queenalice.com/game.php?id=1255003"]
[Date "2014.2.9"]
[Round "-"]
[White "Wilson"]
[Black "cass"]
[Result "0-1"]
[WhiteElo "1498"]
[BlackElo "1682"]

1. Nf3 d5 2. d4 g6 3. e3 Bg7 4. Bd3 Nf6 5. O-O O-O 6. Nbd2 a5 7. c4 b6 8. b3 Ba6
9. e4 e6 10. e5 Ne8 11. a3 c5 12. dxc5 dxc4 13. bxc4 Qxd3 14. Qa4 Nd7 15. Qc6
Nef6 16. exf6 Bxf6 17. Rb1 Rfc8 18. Qa4 Nxc5 19. Qd1 b5 20. Bb2 Bxb2 21. Rxb2
bxc4 22. Ne5 Qd4 23. Ndf3 Qxb2 24. Ng5 Qxe5 25. Nf3 Qb2 26. a4 c3 27. Ne5 Bxf1
28. Kxf1 c2 29. Qd2 c1=Q+ 0-1

[Event "Challenge"]
[Site "http://www.queenalice.com/game.php?id=1255011"]
[Date "2014.2.9"]
[Round "-"]
[White "cass"]
[Black "jamesxirb"]
[Result "1-0"]
[WhiteElo "1674"]
[BlackElo "1417"]

1. e4 e5 2. Nf3 f6 3. d4 exd4 4. Nxd4 d5 5. Nc3 g6 6. Nxd5 f5 7. Bc4 c6 8. Nf4
b5 9. Be6 fxe4 10. O-O Nf6 11. Re1 a6 12. b4 c5 13. Bxc8 cxd4 14. Bb7 Ra7 15.
Bxe4 Re7 16. Bf3 Qd6 17. g3 Nc6 18. c3 Bh6 19. Nd5 Nxd5 20. Bxh6 Nxc3 21. Bxc6+
Qxc6 22. Qxd4 Rg8 23. Rxe7+ Kxe7 24. Re1+ Qe4 25. Rxe4+ Nxe4 26. Qxe4+ Kf6 27.
Qc6+ Ke5 28. Qxa6 Kd4 29. Qxb5 Kc3 30. Qc5+ Kb2 31. Qc1+ Kxa2 32. Qc4+ Ka3 33.
Qxg8 Kxb4 34. Qxh7 Kc3 35. Qxg6 Kb3 36. f4 Kc3 37. f5 Kd3 38. f6+ Kc4 39. f7 Kc5
40. f8=Q+ Kc4 41. Qa3 Kd5 42. Qad3+ Kc5 43. Qgd6# 1-0

[Event "Challenge"]
[Site "http://www.queenalice.com/game.php?id=1255184"]
[Date "2014.2.10"]
[Round "-"]
[White "cass"]
[Black "Gadou"]
[Result "1-0"]
[WhiteElo "1629"]
[BlackElo "1450"]

1. e4 e5 2. Nf3 d6 3. Bc4 Nh6 4. d4 Ng4 5. Ng5 Qf6 6. dxe5 Nxe5 7. Bb3 Ng4 8.
O-O Qe5 9. g3 Nh6 10. Nc3 f6 11. Nd5 Na6 12. Nf3 Qxe4 13. Re1 Qxe1+ 14. Qxe1+
Kd7 15. c4 Nf5 16. Bc2 g6 17. Nxf6+ Kd8 18. Qe8# 1-0

[Event "Challenge"]
[Site "http://www.queenalice.com/game.php?id=1255517"]
[Date "2014.2.11"]
[Round "-"]
[White "cass"]
[Black "teodoricojose"]
[Result "1-0"]
[WhiteElo "1617"]
[BlackElo "1512"]

1. e4 e5 2. Nf3 Nc6 3. Bc4 Nf6 4. Ng5 d5 5. exd5 Nxd5 6. d4 Be7 7. Nxf7 Kxf7 8.
Qf3+ Bf6 9. Bxd5+ Be6 10. Nc3 Nxd4 11. Bxe6+ Kxe6 12. Qe4 c6 13. O-O Kf7 14. Rd1
Re8 15. Qxh7 1-0

[Event "OS INCLIVEIS"]
[Site "http://www.queenalice.com/game.php?id=1255787"]
[Date "2014.2.12"]
[Round "-"]
[White "adelio"]
[Black "cass"]
[Result "1-0"]
[WhiteElo "1942"]
[BlackElo "1711"]

1. b4 e6 2. b5 c6 3. e4 Nf6 4. e5 Nd5 5. c4 Qg5 6. d4 Nf4 7. Qf3 Nxg2+ 8. Bxg2
Qxc1+ 9. Qd1 Bb4+ 10. Ke2 Qb2+ 11. Nd2 Bxd2 12. Qxd2 Qa3 13. Nf3 Qa4 14. Ng5
Qxc4+ 15. Qd3 Qxb5 16. Rhd1 h6 17. Ne4 Qxd3+ 18. Rxd3 O-O 19. Rg3 Kh8 20. Rg1 b6
21. Bf3 Ba6+ 22. Ke1 d5 23. Nd6 Nd7 24. Rxg7 f5 25. Bh5 Nf6 26. exf6 Rxf6 27.
Bf7 Rf8 28. Rg8+ Rxg8 29. Bxg8 e5 30. Nf7+ Rxf7 31. Bxf7 f4 32. Rg6 Bd3 33. Rxc6
exd4 34. Bxd5 Kg7 35. Rc7+ Kf6 36. Rxa7 Ke5 37. Bf3 b5 38. Ra6 b4 39. Rxh6 Bc4
40. h4 Bxa2 41. h5 b3 42. Rb6 Kf5 43. h6 1-0

[Event "Challenge"]
[Site "http://www.queenalice.com/game.php?id=1256074"]
[Date "2014.2.13"]
[Round "-"]
[White "cass"]
[Black "antoniozla"]
[Result "1-0"]
[WhiteElo "1695"]
[BlackElo "1391"]

1. e4 e5 2. Nf3 d6 3. Bc4 Nf6 4. Ng5 Be6 5. Nxe6 fxe6 6. Bxe6 Nxe4 7. Bf5 Nc5 8.
Qh5+ g6 9. Bxg6+ hxg6 10. Qxh8 Nc6 11. O-O Qe7 12. Re1 O-O-O 13. d4 Nxd4 14. Na3
Bg7 15. Qh3+ Kb8 16. Qg3 Qf6 17. Bg5 Qf8 18. Bxd8 Qxd8 19. Qxg6 Bf6 20. c3 Nde6
21. Qf5 Qe7 22. Nc2 Nf4 23. Ne3 Ncd3 24. Re2 Nxe2+ 25. Kf1 Nef4 26. Ng4 Bg5 27.
g3 Nh3 28. Qxd3 a6 29. Re1 Qe6 30. Qf3 Qc4+ 31. Kg2 Bd2 32. Ne3 Qc6 33. Qxc6
bxc6 34. Kxh3 Bxe1 35. Kg2 Bd2 36. Nf5 Bc1 37. b3 Bb2 38. c4 Kb7 39. h4 d5 40.
Ne7 d4 41. Kf1 d3 42. Ke1 Bc3+ 43. Kd1 Kb6 44. h5 e4 45. h6 Kc5 46. h7 Kb4 47.
Ng6 Ka3 48. h8=Q Bxh8 49. Nxh8 Kxa2 50. g4 Kxb3 51. g5 Kxc4 52. g6 Kd4 53. g7 e3
54. fxe3+ Kxe3 55. g8=Q 1-0

[Event "Challenge"]
[Site "http://www.queenalice.com/game.php?id=1256075"]
[Date "2014.2.13"]
[Round "-"]
[White "cass"]
[Black "altair"]
[Result "0-1"]
[WhiteElo "1707"]
[BlackElo "1695"]

1. e4 e5 2. Nf3 Nc6 3. Bc4 h6 4. d4 d6 5. O-O Nf6 6. Re1 a6 7. dxe5 dxe5 8.
Qxd8+ Nxd8 9. Nxe5 Be6 10. Bf4 Bd6 11. Nd2 O-O 12. b3 b5 13. Bxe6 Nxe6 14. Bg3
Ng5 15. c4 Rfe8 16. Nc6 Ngxe4 17. Nxe4 Nxe4 18. Bxd6 cxd6 19. Rad1 Rac8 20. cxb5
axb5 21. Na7 Rb8 22. f3 Nc3 23. Rxe8+ Rxe8 24. Rxd6 b4 25. a4 bxa3 26. Ra6 a2
27. b4 Re1+ 28. Kf2 a1=Q 29. Rxa1 Rxa1 30. Nc6 Rb1 31. g4 Nd5 32. h4 Nxb4 33.
Nxb4 Rxb4 34. Kg3 g5 35. hxg5 hxg5 36. Kh3 Kg7 37. Kg3 Kf6 38. Kh3 Rb1 39. Kg3
Ke5 40. Kf2 Kf4 41. Ke2 Rb2+ 42. Kd3 Kxf3 0-1

[Event "Challenge"]
[Site "http://www.queenalice.com/game.php?id=1256081"]
[Date "2014.2.13"]
[Round "-"]
[White "cass"]
[Black "APSHOOTER"]
[Result "1-0"]
[WhiteElo "1666"]
[BlackElo "1558"]

1. e4 e5 2. Nf3 d6 3. Bc4 h6 4. O-O Bg4 5. h3 Bxf3 6. Qxf3 Qf6 7. Qg4 Nd7 8. Nc3
c6 9. a4 a5 10. b3 O-O-O 11. d3 Kc7 12. Ne2 Ne7 13. b4 axb4 14. Bd2 h5 15. Qg3
g6 16. Bxb4 Nb6 17. Ba5 Nc8 18. c3 h4 19. Qe3 c5 20. f4 Be7 21. d4 exd4 22. cxd4
Qg7 23. Nc3 cxd4 24. Nd5+ Kc6 25. Bb5+ Kc5 26. Rac1+ 1-0

[Event "Challenge"]
[Site "http://www.queenalice.com/game.php?id=1256082"]
[Date "2014.2.13"]
[Round "-"]
[White "cass"]
[Black "wind39"]
[Result "0-1"]
[WhiteElo "1727"]
[BlackElo "1632"]

1. e4 e5 2. Nf3 d6 3. Bc4 Nf6 4. Ng5 Be6 5. Bxe6 fxe6 6. Nxe6 Qe7 7. Nxf8 Qxf8
8. Nc3 a6 9. O-O Nbd7 10. d4 c5 11. dxc5 Nxc5 12. Re1 Qf7 13. Qxd6 Ncd7 14. b4
b5 15. Qc6 O-O 16. Bg5 Rac8 17. Qxa6 Rxc3 18. Qxb5 Rb8 19. Qe2 Qe7 20. Qd2 Qxb4
21. Rab1 Qd4 22. Qxd4 exd4 23. e5 h6 24. Bxf6 gxf6 25. e6 Rxb1 26. Rxb1 Nf8 27.
e7 Rc8 28. exf8=Q+ Kxf8 29. g3 Rxc2 30. Rb8+ Ke7 31. Rb7+ Kd6 32. Rb3 Rxa2 33.
Rd3 Ke5 34. f3 f5 35. h4 h5 36. Rb3 Ra5 37. Kf2 f4 38. g4 hxg4 39. h5 Ra2+ 40.
Kf1 g3 41. Rb5+ Kf6 42. Rb1 Rf2+ 43. Kg1 Kg5 44. Rf1 d3 45. Rd1 d2 0-1

[Event "Challenge"]
[Site "http://www.queenalice.com/game.php?id=1256875"]
[Date "2014.2.15"]
[Round "-"]
[White "cass"]
[Black "dbwright308"]
[Result "1-0"]
[WhiteElo "1713"]
[BlackElo "1666"]

1. e4 d5 2. Nf3 dxe4 3. Ng5 f5 4. Bc4 Nh6 5. O-O Na6 6. d3 Qd6 7. g3 Nc5 8. Bf4
Qb6 9. b3 e6 10. b4 Na4 11. Be3 Qxb4 12. Bd4 Nb2 13. a3 Nxd1 14. axb4 Nxf2 15.
Rxf2 Bd7 16. Nxe6 Bxe6 17. Bxe6 1-0

[Event "Challenge"]
[Site "http://www.queenalice.com/game.php?id=1256897"]
[Date "2014.2.15"]
[Round "-"]
[White "cass"]
[Black "alfonso"]
[Result "1-0"]
[WhiteElo "1699"]
[BlackElo "1548"]

1. e4 e5 2. Nf3 Bd6 3. Bc4 Qf6 4. d4 Nc6 5. Ng5 Nh6 6. O-O Na5 7. Bb5 c6 8. dxe5
Bxe5 9. Bd3 d6 10. Re1 b6 11. c3 Bg4 12. f3 Bd7 13. b4 Nb7 14. a4 1-0

[Event "Challenge"]
[Site "http://www.queenalice.com/game.php?id=1257228"]
[Date "2014.2.16"]
[Round "-"]
[White "cass"]
[Black "vangogh"]
[Result "1-0"]
[WhiteElo "1704"]
[BlackElo "1416"]

1. e4 e5 2. Nf3 Nc6 3. Bc4 h6 4. d4 Na5 5. Bd3 f6 6. dxe5 fxe5 7. Nxe5 Bc5 8.
Qf3 Qe7 9. Ng6 Qf6 10. Qxf6 gxf6 11. Nxh8 Bb4+ 12. c3 Be7 13. O-O Kf8 14. Ng6+
Kf7 15. Nxe7 Kxe7 16. Bf4 c6 17. Re1 d6 18. c4 a6 19. c5 dxc5 20. e5 b5 21.
exf6+ Kxf6 22. Re5 c4 23. Bc2 Ne7 24. Nd2 Ng6 25. Ne4+ Kg7 26. Nd6 Nxf4 27. Re7+
Kf6 28. Re8 b4 29. Rxc8 Ra7 30. Rf8+ Ke7 31. Rxf4 Kxd6 32. Rf6+ Kc7 33. Rxh6 b3
34. Be4 Kb6 35. f4 Re7 36. Bf3 Rf7 37. g3 Rd7 38. f5 Rd2 39. axb3 Nxb3 40. Rb1
Rd3 41. Rxc6+ Kb5 42. Kg2 Nd2 43. Rd1 Kb4 44. Be2 Rd5 45. Bxc4 Rd4 46. Bxa6 Rd5
47. f6 Kb3 48. f7 Rd8 49. Kh1 Kxb2 50. Rxd2+ Rxd2 51. f8=Q Rd1+ 52. Kg2 Rd2+ 53.
Kh3 Kb3 54. Qf3+ Kb4 55. Qc3+ 1-0

[Event "AUTO-INT-2808"]
[Site "http://www.queenalice.com/game.php?id=1257503"]
[Date "2014.2.17"]
[Round "1"]
[White "ven10"]
[Black "cass"]
[Result "0-1"]
[WhiteElo "1516"]
[BlackElo "1721"]

1. e4 d5 2. exd5 Qxd5 3. Nc3 Qe5+ 4. Qe2 Nc6 5. Qxe5 Nxe5 6. d4 Nd7 7. Bf4 c6 8.
O-O-O Ngf6 9. Nf3 e6 10. Bc4 g6 11. Rhe1 Ng4 12. h3 Nxf2 13. Re2 b5 14. Rxf2
bxc4 0-1

[Event "AUTO-INT-2808"]
[Site "http://www.queenalice.com/game.php?id=1257504"]
[Date "2014.2.17"]
[Round "1"]
[White "cass"]
[Black "ven10"]
[Result "1-0"]
[WhiteElo "1712"]
[BlackElo "1525"]

1. e4 c5 2. Nf3 e6 3. Bc4 Nc6 4. d3 d5 5. Bb5 Qc7 6. exd5 exd5 7. Ne5 Qxe5+ 8.
Qe2 Qxe2+ 9. Kxe2 Nf6 10. Re1 Kd7 11. Kf1 a6 12. Ba4 b5 13. Bb3 c4 14. dxc4 dxc4
15. Bxc4 1-0

[Event "AUTO-INT-2808"]
[Site "http://www.queenalice.com/game.php?id=1257515"]
[Date "2014.2.17"]
[Round "1"]
[White "Apatride"]
[Black "cass"]
[Result "1-0"]
[WhiteElo "1940"]
[BlackElo "1666"]

1. c3 e5 2. d4 Bd6 3. e4 Nf6 4. dxe5 Bxe5 5. f4 Bxc3+ 6. Nxc3 Qe7 7. e5 O-O 8.
Be2 Ne8 9. b3 d6 10. Ba3 b6 11. Bf3 c6 12. Nb5 Bb7 13. Nxd6 Nxd6 14. Bxd6 Qd7
15. Bxf8 Qxd1+ 16. Rxd1 Kxf8 17. b4 b5 18. Ne2 Na6 19. a3 Rb8 20. Rd7 Ke8 21. e6
fxe6 22. Rxg7 Rd8 23. Rxb7 1-0

[Event "AUTO-INT-2808"]
[Site "http://www.queenalice.com/game.php?id=1257516"]
[Date "2014.2.17"]
[Round "1"]
[White "cass"]
[Black "Apatride"]
[Result "0-1"]
[WhiteElo "1666"]
[BlackElo "1972"]

1. e4 d6 2. Nf3 Nf6 3. Bc4 Nxe4 4. d3 Nf6 5. O-O Bg4 6. h3 Bxf3 7. Qxf3 d5 8.
Bb3 e6 9. c4 c6 10. Re1 Bd6 11. Nc3 O-O 12. Bg5 Nbd7 13. a4 Qa5 14. Ne2 Qb4 15.
Nd4 Bc5 16. Nxe6 fxe6 17. Ra3 Qxe1+ 18. Kh2 Nh5 19. Qxh5 Bxf2 0-1

[Event "AUTO-INT-2808"]
[Site "http://www.queenalice.com/game.php?id=1257521"]
[Date "2014.2.17"]
[Round "1"]
[White "manucies"]
[Black "cass"]
[Result "0-1"]
[WhiteElo "1648"]
[BlackElo "1698"]

1. e4 e5 2. Nf3 Nc6 3. Nc3 Bc5 4. d3 Nf6 5. Bg5 O-O 6. Be2 h6 7. Be3 Bxe3 8.
fxe3 Ng4 9. Qd2 b6 10. h3 Nf6 11. d4 Re8 12. Bb5 Bb7 13. Bxc6 Bxc6 14. dxe5 Nxe4
15. Nxe4 Bxe4 16. O-O Bxf3 17. gxf3 Qg5+ 18. Kf2 Qh4+ 19. Kg2 Rxe5 20. f4 Rh5
21. Rf3 Rd8 22. Rh1 Qf6 23. c3 c5 24. b4 d6 25. e4 Qg6+ 26. Kf2 Qxe4 27. Re1 Qf5
28. bxc5 bxc5 29. c4 Rxh3 30. Qa5 Qc2+ 31. Re2 Rh2+ 0-1

[Event "AUTO-INT-2808"]
[Site "http://www.queenalice.com/game.php?id=1257522"]
[Date "2014.2.17"]
[Round "1"]
[White "cass"]
[Black "manucies"]
[Result "0-1"]
[WhiteElo "1710"]
[BlackElo "1590"]

1. e4 e5 2. Nf3 Nc6 3. Bc4 d6 4. d3 Bg4 5. O-O Nf6 6. h3 Bh5 7. Nc3 a6 8. g4 Bg6
9. Bg5 Be7 10. Nh4 b5 11. Bb3 Nd4 12. Nd5 Nxd5 13. Bxe7 Qxe7 14. Bxd5 Qxh4 15.
Kh2 O-O-O 16. c3 Ne6 17. Qb3 h5 18. Bxe6+ fxe6 19. Qxe6+ Kb7 20. Qxg6 hxg4 0-1

[Event "Challenge"]
[Site "http://www.queenalice.com/game.php?id=1260358"]
[Date "2014.2.27"]
[Round "-"]
[White "cass"]
[Black "teodoricojose"]
[Result "1-0"]
[WhiteElo "1691"]
[BlackElo "1613"]

1. e4 e5 2. Nf3 Nc6 3. Bc4 h6 4. O-O Nf6 5. d3 d5 6. exd5 Nxd5 7. Re1 Qd6 8. d4
f6 9. Na3 Be6 10. Nb5 Qd7 11. dxe5 fxe5 12. Nxe5 Nxe5 13. Rxe5 a6 14. Nd4 Bd6
15. Rxe6+ Ne7 16. Nf5 O-O-O 17. Nxg7 Qc6 18. b3 Bxh2+ 19. Kxh2 Rxd1 20. Rxc6
Nxc6 21. Nf5 Rf8 22. Be2 Rd5 23. g4 Nb4 24. Ne7+ Kd7 25. Nxd5 Nxd5 26. f3 Nf4
27. Ba3 Rf6 28. Rd1+ Kc8 29. Bb2 Rc6 30. Bc4 b5 31. Be5 Ng6 32. Be2 Rxc2 33. Kh3
Rxe2 34. Bg3 Rxa2 35. Rc1 Rb2 36. Rxc7+ Kd8 37. Rc6 a5 38. Rxg6 Rxb3 39. Rxh6
Rxf3 40. Kg2 Rf7 41. Rh5 Rb7 42. Rh8+ Kd7 43. Rh7+ Kc8 44. Rh8+ Kd7 45. g5 Rb6
46. Rg8 b4 47. g6 Rxg6 48. Rxg6 b3 49. Be5 a4 50. Ra6 1-0